00599nam a22001697a 450000500170000001000130001702000110003003500130004103700140005408200120006810000250008024501000010524600780020526000540028327000670033730000250040420200120125623.0 aA-998744 c175.00 aA-998744 bBPPD/Pub. a841.092 aعلی شیر خاں aاردو ادب کے ارتقاء میں غازیپور کی خدمات /cعلی شیر خاں aUrdu Adab Ke Irteqa Mein Ghazipur ki Khidmaat (Urdu) /bby ALi Sher Khan aCalcuttabMaulana Azad Educational Trustc1998 ء aKanta Pokhar Drivers Quarter, P.O. KidderpurbCalcuttae700023 a544p.c21cm(Hb)